Paracuellos: Auxilio Social /

Historietas sobre la vida de los niños en los colegios españoles de "auxilio sexual".

Gardado en:
Detalles Bibliográficos
Autor Principal: Giménez, Carlos (autor)
Formato: Libro
Idioma:Lingua castelá
Publicado: Madrid, España : Ediciones de la Torre, 1979
Series:(Papel Vivo ; 7)
Temas:
Etiquetas: Engadir etiqueta
Sen Etiquetas, Sexa o primeiro en etiquetar este rexistro!

MARC

LEADER 00000nam^a2200000^a^4500
001 000022558
005 20250521000000.0
009 20260310084501.786
020 |a 84-85277-69-4 
037 |a Acervo ITESO - Biblioteca 
041 |a ESP 
082 |a 741. 507  |b GIM 
100 |a Giménez, Carlos  |e (autor) 
245 1 0 |a Paracuellos: Auxilio Social /  |c C. Giménez; pról. de: Manuel G. Quintana. 
264 1 |a Madrid, España :  |b Ediciones de la Torre,  |c 1979 
300 |a 47 p. 
336 |a texto  |b txt  |2 rdacontenido 
337 |a sin mediación  |b n  |2 rdamedio 
338 |a volumen  |b nc  |2 rdasoporte 
440 1 |a (Papel Vivo ;  |v 7) 
520 |a Historietas sobre la vida de los niños en los colegios españoles de "auxilio sexual". 
649 |a XX 
650 |a Medios de Comunicación 
650 |a Historietas y Caricaturas de Temas Políticos y Sociales 
650 |a Historietas y Caricaturas Españolas 
910 |a Fondo General 
920 |a Impresos - Libros 
930 |a Colección General 
905 |a 101 
901 |a 0225580100  |b IT1  |c ACC  |i 022558  |u 20250521 
902 |a https://opac.biblio.iteso.mx/vufind/Record/000022558